Reagan propone plan de paz para América Central (fax)

Gespeichert in:
Bibliographische Detailangaben
Format: Text
Veröffentlicht: s.l.: s.e
Tags: Tag hinzufügen
Keine Tags, Fügen Sie den ersten Tag hinzu!

MARC

LEADER 00000 a a2200000 04500
001 23436
003
040
090 |a 162900  
245 |a Reagan propone plan de paz para América Central (fax)  
260 |a s.l.:   |b s.e  
300 |a 3 p.  
999 |c 12889  |d 12889